Os segredos do sistema solar (Record no. 150268)

MARC details
000 -LÍDER
campo de controle de tamanho fixo 00366 a2200157 4500
001 - NÚMERO DE CONTROLE
campo de controle 150268
040 ## - FONTE DA CATALOGAÇÃO
Instituição que transcreveu o registro Escola São Tomás de Aquino
100 ## - ENTRADA PRINCIPAL--NOME PESSOAL
Nome pessoal BRETONES, Paulo Sérgio
240 10 - TÍTULO UNIFORME
Título uniforme Os segredos do sistema solar
Idioma da obra por
245 10 - TÍTULO
Título Os segredos do sistema solar
300 ## - DESCRIÇÃO FÍSICA
Extensão 43
362 0# - DATAS DE PUBLICAÇÃO E/OU DESIGNAÇÃO SEQUENCIAL
Datas de publicação e/ou designação sequencial 1993
440 #1 - DECLARAÇÃO DE SÉRIE/ENTRADA ADICIONADA--TÍTULO
Título Atual
697 ## - ENTRADA DE ASSUNTO LOCAL--ENTIDADE COLETIVA (RLIN)
Nome corporativo ou nome da jurisdição CIÊNCIAS
942 ## - ELEMENTOS DE ENTRADA ADICIONADOS (KOHA)
Tipo de material Koha Livros
Holdings
Situação do descarte Situação das perdas Situação física Não pode ser emprestado Biblioteca de origem Biblioteca atual Data de aquisição Total de empréstimos Número de chamada completo Código de barras Data de último acesso Data do preço efetivo Tipo de material Koha
        ESTA - SÃO BENTO ESTA - SÃO BENTO 30/04/2024   500 BRE SEG EST00004288 30/04/2024 30/04/2024 Livros